Địa lí 11

Wedi'i Gadw mewn:
Manylion Llyfryddiaeth
Prif Awdur: Nguyễn, Được
Awduron Eraill: Nguyễn, Cao Phương
Fformat: Llyfr
Iaith:Undetermined
Cyhoeddwyd: H. Giáo dục 2002
Pynciau:
Mynediad Ar-lein:http://lrc.tdmu.edu.vn/opac/search/detail.asp?aID=2&ID=5304
Tagiau: Ychwanegu Tag
Dim Tagiau, Byddwch y cyntaf i dagio'r cofnod hwn!
Thư viện lưu trữ: Trung tâm Học liệu Trường Đại học Thủ Dầu Một
LEADER 00635nam a2200205Ia 4500
001 TDMU_5304
008 210410s9999 xx 000 0 und d
082 |a 910.71 
090 |b NG527 
100 |a Nguyễn, Được 
245 0 |a Địa lí 11 
245 0 |c Nguyễn Được 
260 |a H. 
260 |b Giáo dục 
260 |c 2002 
300 |a 164tr 
650 |a Sách lớp 11  |v Giáo khoa; Địa lí  |x Dạy và học 
700 |a Nguyễn, Cao Phương 
856 |u http://lrc.tdmu.edu.vn/opac/search/detail.asp?aID=2&ID=5304 
980 |a Trung tâm Học liệu Trường Đại học Thủ Dầu Một